| 000 | 00371nam a2200133Ia 4500 | ||
|---|---|---|---|
| 005 | 20251222144812.0 | ||
| 008 | 251222s9999||||xx |||||||||||||| ||spa|| | ||
| 020 | _a84-7491-344-6 | ||
| 082 | _a551.41/G26 | ||
| 100 | _aGarzón, Guillermina | ||
| 245 | 0 | _aProblemas Geomorfológicos del Centro y Noroeste de la Península Iberica: | |
| 264 | _bComplutense | ||
| 942 | _cLIB | ||
| 999 |
_c20143 _d20143 |
||